000
00331nam a2200145Ia 4500
100
_a
Arnold / K/ Gosling/ J
942
_c
BK
654
_a
Computer
245
_a
The Java Programming Language
260
_b
Addison Wesley Pub
_a
Reading
_c
1996
082
_a
5.133
_b
ARN/GOS
300
_a
333
546
_a
ENGLISH
999
_c
34356
_d
34356